Statistics for ABC Speedrun

Click here to take the quiz!

General Stats

  • This quiz has been taken 512 times
  • The average score is 23 of 26

Answer Stats

HintAnswer% Correct
AA
98%
BB
97%
CC
96%
EE
93%
II
93%
DD
92%
FF
92%
HH
91%
KK
90%
OO
90%
GG
89%
JJ
89%
LL
88%
QQ
88%
WW
88%
PP
87%
MM
86%
NN
86%
RR
86%
TT
85%
UU
85%
SS
84%
XX
84%
ZZ
84%
YY
83%
VV
82%

Score Distribution

Percentile by Number Answered

Percent of People with Each Score

Your Score History

You have not taken this quiz